000255190 001__ 255190
000255190 005__ 20250603173120.0
000255190 0247_ $$aG:(GEPRIS)327870500$$d327870500
000255190 035__ $$aG:(GEPRIS)327870500
000255190 040__ $$aGEPRIS$$chttp://gepris.its.kfa-juelich.de
000255190 150__ $$aOptimales Druck- und Wasserverweildauer-Management in Wasserversorgungssystemen - unter unsicherem Bedarf und flexiblem Elektroenergietarif$$y2017 - 2024
000255190 371__ $$aProfessor Dr.-Ing. Pu Li
000255190 450__ $$aDFG project G:(GEPRIS)327870500$$wd$$y2017 - 2024
000255190 5101_ $$0I:(DE-588b)2007744-0$$aDeutsche Forschungsgemeinschaft$$bDFG
000255190 680__ $$aIn zurückliegenden Jahrzehnten wurden eine große Vielfalt an Untersuchungen in Wasser-versorgungssystemen (WVSs) durchgeführt, die sich auf den Entwurf und den Betrieb bezogen. Aus Sicht der Antragsteller haben die Unsicherheiten in solchen Systemen nicht die Aufmerksamkeit erhalten, die sie verdienen. Das Ziel der vorgeschlagenen Untersuchungen besteht in der Entwicklung neuer Ansätze für das Management und den Betrieb von WVSs unter Unsicherheiten, wobei im Speziellen der stochastische Bedarf und der unsichere/schwankende Elektroenergietarif betrachtet werden sollen. Unter diesen Unsicherheiten werden 1) die Unterteilung des WVS, 2) die Sensor- und Druckminderungsventilplatzierung, 3) das Wasserspeichermanagement und 4) die Betriebsplanung für 24 Stunden im Voraus untersucht. Diese Ansätze sollen optimale Entscheidungen für das Management und den Betrieb liefern, die auf geringe Kosten und hohe Zuverlässigkeit abzielen, wobei der Einfluss der Unsicherheiten auf den Druck und die Wasserverweildauer in Betracht gezogen werden.
000255190 909CO $$ooai:juser.fz-juelich.de:921793$$pauthority$$pauthority:GRANT
000255190 909CO $$ooai:juser.fz-juelich.de:921793
000255190 980__ $$aG
000255190 980__ $$aAUTHORITY